| Tag |
First Indicator |
Second Indicator |
Subfields |
| LEADER |
00000cam a2200000Ia 4500 |
| 001 |
in00004004613 |
| 005 |
20190215101740.0 |
| 008 |
060425t20052005nyua bc 000 0 eng d |
| 035 |
|
|
|a (OCoLC)ocm67617195
|
| 040 |
|
|
|a CAM
|b eng
|c CAM
|d YDXCP
|d OCLCG
|d UKTTE
|d OCLCA
|d OCLCF
|d OCLCO
|d OCLCQ
|d TFW
|d OCLCO
|d OCLCQ
|d GZM
|d TXA
|
| 019 |
|
|
|a 962539928
|
| 020 |
|
|
|a 1932598235
|
| 020 |
|
|
|a 9781932598230
|
| 035 |
|
|
|a (OCoLC)67617195
|z (OCoLC)962539928
|
| 050 |
|
4 |
|a N6537.T96
|b A4 2005
|
| 090 |
|
|
|a N6537.T96
|b A4 2005b
|
| 049 |
|
|
|a TXAM
|
| 100 |
1 |
|
|a Twombly, Cy,
|d 1928-2011,
|e artist.
|
| 240 |
1 |
0 |
|a Paintings.
|k Selections
|
| 245 |
1 |
0 |
|a Cy Twombly :
|b Bacchus, Psilax, Mainomenos.
|
| 246 |
3 |
0 |
|a Bacchus, Psilax, Mainomenos
|
| 264 |
|
1 |
|a [New York] :
|b Gagosian Gallery,
|c [2005]
|
| 264 |
|
4 |
|c ©2005
|
| 300 |
|
|
|a 55 pages :
|b color illustrations ;
|c 32 x 42 cm
|
| 336 |
|
|
|a text
|b txt
|2 rdacontent
|
| 336 |
|
|
|a still image
|b sti
|2 rdacontent
|
| 337 |
|
|
|a unmediated
|b n
|2 rdamedia
|
| 338 |
|
|
|a volume
|b nc
|2 rdacarrier
|
| 500 |
|
|
|a "Published on the occasion of the exhibition 'Cy Twombly, Bacchus, Psilax, Mainomenos, ' November 2-December 24, 2005, Gagosian Gallery"--Colophon.
|
| 504 |
|
|
|a Includes bibliographical references.
|
| 500 |
|
|
|a The Cushing Library/Women & Gender Studies copy was acquired as part of The Don Kelly Research Collection of Gay Literature and Culture.
|5 TXA
|
| 500 |
|
|
|a The Cushing Library/Women & Gender Studies copy is signed by the artist.
|5 TXA
|
| 600 |
1 |
0 |
|a Twombly, Cy,
|d 1928-2011
|v Exhibitions.
|
| 600 |
1 |
7 |
|a Twombly, Cy,
|d 1928-2011.
|2 fast
|0 (OCoLC)fst01773174
|
| 600 |
1 |
4 |
|a Twombly, Cy,
|d 1928-
|
| 655 |
|
7 |
|a Exhibition catalogs.
|2 fast
|0 (OCoLC)fst01424028
|
| 655 |
|
7 |
|a Exhibition catalogs.
|2 lcgft
|
| 710 |
2 |
|
|a Gagosian Gallery,
|e issuing body.
|
| 994 |
|
|
|a C0
|b TXA
|
| 948 |
|
|
|a cataloged
|b h
|c 2019/2/15
|d c
|e nbehmer
|f 10:17:34 am
|
| 999 |
f |
f |
|s 858e9f00-c934-3da2-a854-1584ed3c2095
|i e5044278-2de2-3160-9e63-e3137c177aa4
|t 0
|
| 952 |
f |
f |
|p noncirc
|a Texas A&M University
|b College Station
|c Cushing Memorial Library & Archives
|d Cushing: Women & Gender Studies (Does not check out)
|t 0
|e N6537.T96 A4 2005b
|f Oversize
|h Library of Congress classification
|i unmediated -- volume
|
| 998 |
f |
f |
|a N6537.T96 A4 2005b
|t 0
|l Cushing: Women & Gender Studies (Does not check out)
|